000 00927cam a2200289 a 4500
999 _c976
_d976
001 12521884
003 OSt
005 20210623064355.0
008 010831s2002 mauab b 001 0 eng
010 _a 2001131515
020 _a0618054502
040 _aDLC
_cDLC
_dDLC
043 _ae------
050 0 0 _aJN5
_b.E95 2002
082 0 0 _a320.3/094
_221
245 0 0 _aEuropean politics in transition /
_cMark Kesselman ... [et al.].
250 _a4th ed.
260 _aBoston :
_bHoughton Mifflin,
_cc2002.
300 _axxi, 642 p. :
_bill., maps ;
_c24 cm.
504 _aIncludes bibliographical references and index.
650 0 _aComparative government.
651 0 _aEurope
_xPolitics and government.
700 1 _aKesselman, Mark.
906 _a7
_bcbc
_corigcop
_d2
_encip
_f20
_gy-gencatlg
942 _2lcc
_cBK
_nDO